| 000 | 00000nam 2200000zi 4500 |
| 001 | 9.920316 |
| 003 | CaOODSP |
| 005 | 20240318102135 |
| 006 | m o d f |
| 007 | cr mn||||||||| |
| 008 | 230221e202303##quc ob f000 0 fre d |
| 020 | |a9780660477411 |
| 040 | |aCaOODSP|bfre|erda|cCaOODSP |
| 043 | |an-cn--- |
| 086 | 1 |aEm12-98/2023F-PDF |
| 245 | 00|aLignes directrices sur le Règlement canadien sur l'accessibilité : |brapports d'étape. |
| 264 | 1|a[Gatineau, Québec] : |bEmploi et deĢveloppement social Canada = Employment and Social Development Canada, |cmars 2023. |
| 264 | 4|c©2023 |
| 300 | |a1 ressource en ligne (21 pages) |
| 336 | |atexte|btxt|2rdacontent/fre |
| 337 | |ainformatique|bc|2rdamedia/fre |
| 338 | |aressource en ligne|bcr|2rdacarrier/fre |
| 500 | |aPublié aussi en anglais sous le titre : Guidance on the Accessible Canada Regulations: progress reports. |
| 504 | |aComprend des références bibliographiques. |
| 650 | 6|aAccessibilité aux personnes handicapées|zCanada|xPlanification. |
| 650 | 6|aAccessibilité aux personnes handicapées|xDroit|zCanada. |
| 710 | 1 |aCanada. |bEmploi et développement social Canada, |eorganisme de publication. |
| 775 | 08|tGuidance on the Accessible Canada Regulations : |w(CaOODSP)9.920314 |
| 856 | 40|qPDF|s546 Ko|uhttps://publications.gc.ca/collections/collection_2023/edsc-esdc/Em12-98-2023-fra.pdf |
| 856 | 4 |qHTML|sS.O.|uhttps://www.canada.ca/fr/emploi-developpement-social/programmes/directives-reglements-canadien-accessibilite/rapports-etape.html |